Winners always quit : seven pretty good habits you can swap for really great results : what you're doing today may keep you from winning tomorrow! (Record no. 37072)
[ view plain ]
| 000 -LEADER | |
|---|---|
| fixed length control field | 00592nam a2200169Ia 4500 |
| 020 ## - INTERNATIONAL STANDARD BOOK NUMBER | |
| ISBN | 978- 0- 9819242- 3- 6 |
| 050 ## - CALL MARK | |
| Classification number | BF 637 .S8 C65/ |
| 100 ## - STATEMENT OF RESPONSIBILITY--MAIN AUTHOR NAME | |
| Personal name | Colan, Lee J. (Lee Joseph) |
| 245 #0 - TITLE STATEMENT | |
| Title | Winners always quit : seven pretty good habits you can swap for really great results : what you're doing today may keep you from winning tomorrow! |
| 260 ## - PUBLICATION, DISTRIBUTION, ETC. (IMPRINT) | |
| Name of publisher | Cornerstone leadership institute, inc. |
| 260 ## - PUBLICATION, DISTRIBUTION, ETC. (IMPRINT) | |
| Year of publication | 2009 |
| 300 ## - PHYSICAL DESCRIPTION | |
| Number of Pages | 91 p |
| 650 ## - SUBJECT ADDED ENTRY--TOPICAL TERM | |
| Topical Term | Success Success in business Strategic planning |
| 942 ## - ADDED ENTRY ELEMENTS (KOHA) | |
| Koha item type | Books |
| Withdrawn status | Lost status | Source of classification or shelving scheme | Damaged status | Not for loan | Permanent Location | Current Location | Date acquired | Accession Number | Price effective from | Koha item type |
|---|---|---|---|---|---|---|---|---|---|---|
| Library of Congress Classification | NILE UNIVERSITY OF NIGERIA - MAIN LIBRARY | NILE UNIVERSITY OF NIGERIA - MAIN LIBRARY | 04/23/2025 | 0001583 | 04/23/2025 | Books |